000 01557nam a2200361 c 4500
003 BLK
005 20180422105823.0
008 180409b bul|||||r ||||||| ||bul||
010 _aKNG00113309000
020 _a954-427-535-5
_bиздат.: Абагар
040 _aBLK
041 _aBUL
_cBUL
080 _aСтандартизация и стандарти. Подразделя се със знак за отношение
_b006
_x.06:657(100)(075.8)
_z006.06:657(100)(075.8)
080 _aУправление на бюджета. Бюджетни планове. Финансов контрол
_b336.126
_x(075.8)
_z336.126(075.8)
100 1 _aБожков, Васил Стефанов
_eпърви автор
_9366045
139 _aБожков, Васил Стефанов
_bБ 57
245 1 0 _aМеждународни стандарти за одит на финансови отчети
_bУч. метод. пособие
_cВасил Стефанов Божков.
257 _aBGR
260 В. Търново
_bАбагар
_c2003
300 _a240 с.
_bс табл.
_c24 см
380 _a62
500 _aОфс. изд.
650 4 _aСчетоводна отчетност
_9247495
650 4 _aСтандартизация - учебници за ВУЗ
_9252102
653 _aсчетоводство
653 _aстандарти
653 _aучебници за ВУЗ
852 _aЦб 219730
856 4 _qpdf
_u
856 4 _qpdf
_u
942 _cKNG
_n0
944 _aCR
_c01.06.2004
_kЛюдмила_Стоянова
944 _aED
_c27.06.2005
_k
999 _c108011
_d108011